书目信息 |
| 题名: |
西部民歌地图
|
|
| 作者: | 冯国栋 编著 | |
| 分册: | ||
| 出版信息: | 北京 同心出版社 2007.01 |
|
| 页数: | 250页 | |
| 开本: | 24cm | |
| 丛书名: | ||
| 单 册: | ||
| 中图分类: | J642.224 | |
| 科图分类: | ||
| 主题词: | 民歌--min ge--西北地区--选集 , 民歌--min ge--西南地区--选集 | |
| 电子资源: | ||
| ISBN: | 7-80716-380-1 | |
| 000 | 00938nam0 2200265 450 | |
| 001 | 012008547905 | |
| 005 | 20080624101013.78 | |
| 010 | @a7-80716-380-1@dCNY38.00 (含光盘) | |
| 016 | @aCN-A06-05-0013-0@b光盘 | |
| 100 | @a20080624d2007 em y0chiy0120 ea | |
| 101 | 0 | @achi |
| 102 | @aCN@b110000 | |
| 105 | @aa z 000yy | |
| 106 | @ar | |
| 200 | 1 | @a西部民歌地图@Axi bu min ge di tu@e草根阶层的欢乐与悲哭@f冯国栋编著@Ffeng guo dong bian zhu |
| 210 | @a北京@c同心出版社@d2007.01 | |
| 215 | @a250页@c图@d24cm@e光盘1片 | |
| 330 | @a本书介绍了西部地区广为流传的民歌,其中包括:晋西北山曲、陕北信天游、蒙古族民歌、内蒙古爬山歌等。 | |
| 517 | 1 | @a草根阶层的欢乐与悲哭@Acao gen jie ceng de huan le yu bei ku |
| 606 | 0 | @a民歌@Amin ge@y西北地区@j选集 |
| 606 | 0 | @a民歌@Amin ge@y西南地区@j选集 |
| 690 | @aJ642.224@v4 | |
| 701 | 0 | @a冯国栋@Afeng guo dong@4编著 |
| 801 | 0 | @aCN@bQSSK@c20080624 |
| 905 | @b728545-47@dJ642.224@eF450@f3 | |
| 西部民歌地图:草根阶层的欢乐与悲哭/冯国栋编著.-北京:同心出版社,2007.01 |
| 250页:图;24cm+光盘1片 |
| ISBN 7-80716-380-1:CNY38.00 (含光盘) |
| 本书介绍了西部地区广为流传的民歌,其中包括:晋西北山曲、陕北信天游、蒙古族民歌、内蒙古爬山歌等。 |
| ● |
| 相关链接 |
|
|
|
正题名:西部民歌地图
索取号:J642.224/F450
 
预约/预借
| 序号 | 登录号 | 条形码 | 馆藏地/架位号 | 状态 | 备注 |
| 1 | 728545 | 207285454 | 社科库309/309社科库 93排4列3层/ [索取号:J642.224/F450] | 在馆 | |
| 2 | 728546 | 207285463 | 社科库309/309社科库 93排4列3层/ [索取号:J642.224/F450] | 在馆 | |
| 3 | 728547 | 207285472 | 社科库309/309社科库 93排4列3层/ [索取号:J642.224/F450] | 在馆 |